000 00694nam a2200193 a 4500
001 BRCA_1621
005 20190320203500.0
008 160508s2007----mx-a---###---#000-0#spa-#
020 _a9789685893640
050 4 _aND259.R5
_b.E66 2007
245 1 0 _aDiego Rivera
_bepopeya mural.
260 _aMéxico
_bLanducci : INBA : CONACULTA
_c2007
300 _a386 p.
_bil. a color
_c28 cm.
500 _aCatálogo de la exposición realizada en el Palacio de Bellas Artes (Ciudad de México), 2007
500 _aIncluye piezas de la colección Franz Mayer: p. 122 y 178
600 1 4 _aRivera, Diego
_d1886-1957
_vExposiciones
_94891
650 1 4 _apintura mural
_ySiglo XX
_zMéxico
_95079
942 _2lcc
_cB
999 _c1428
_d1428